000 00620nam a22002057a 4500
999 _c8081
_d8081
003 BD-JhCC
005 20180717102202.0
008 180218b2006 bg ||||| |||| 00| 0 ben d
035 _a(BD-JhCC)
040 _aBD-JhCC
_dBD-JhCC
041 _aeng
082 _a001
_bSAI 2006
100 _aসাইফ,(অবঃ) লেঃ কর্নেল
245 _aপাথেয় /
_cলেঃ কর্নেল সাইফ (অবঃ)
260 _aঢাকাঃ
_bকর্নেল একাডেমী
_c2006
300 _a387 p. :
_c24 cm.
650 _aGeneral knowledge
942 _2ddc
_cBK